Central Library OPAC University of Rajshahi

Local administration and politics in modernising societies: Bangladesh and Pakistan. (Record no. 5254)

MARC details
000 -LEADER
fixed length control field 01072nam a2200289 4500
001 - CONTROL NUMBER
control field 5254
003 - CONTROL NUMBER IDENTIFIER
rucl marc code BD-RjUL
005 - DATE AND TIME OF LATEST TRANSACTION
control field 20211208234033.0
008 - FIXED-LENGTH DATA ELEMENTS--GENERAL INFORMATION
fixed length control field 131224s1973 bg b 001 0 eng
035 ## - SYSTEM CONTROL NUMBER
System control number (BD-RjUL)5290
040 ## - CATALOGING SOURCE
Original cataloging agency DLC
Transcribing agency DLC
Modifying agency DLC
-- BD-RjUL
Language of cataloging eng
041 ## - LANGUAGE CODE
Language code of text/sound track or separate title eng
082 00 - DEWEY DECIMAL CLASSIFICATION NUMBER
Classification number 352.0549
Author mark and year ABL
100 1# - MAIN ENTRY--PERSONAL NAME
Personal name Abedin, Najmul.
9 (RLIN) 16522
245 10 - TITLE STATEMENT
Title Local administration and politics in modernising societies: Bangladesh and Pakistan.
260 ## - PUBLICATION, DISTRIBUTION, ETC. (IMPRINT)
Place of publication, distribution, etc. Dacca,
Name of publisher, distributor, etc. National Institute of Public Administration; distributor: Oxford University Press
Date of publication, distribution, etc. c1973.
300 ## - PHYSICAL DESCRIPTION
Pagination xxvi, 458 p. ;
Size 22 cm.
350 ## - PRICE (NR) (BK AM CF MU VM SE) [OBSOLETE]
Price $4.00 (U.S.)
500 ## - GENERAL NOTE
General note A revised and updated ed. of the author's thesis entitled The working of district administration in Pakistan: 1947-1964, submitted to the University of Durham in 1969.
General note Vita.
504 ## - BIBLIOGRAPHY, ETC. NOTE
Bibliography, etc Includes Bibliography: p. [426]-453 and index.
650 #0 - SUBJECT ADDED ENTRY--TOPICAL TERM
Topical term or geographic name as entry element Local government
Geographic subdivision Bangladesh.
9 (RLIN) 7800
Topical term or geographic name as entry element Local government
Geographic subdivision Pakistan.
9 (RLIN) 16523
942 ## - ADDED ENTRY ELEMENTS (KOHA)
Source of classification or shelving scheme Dewey Decimal Classification
Koha item type Books
Holdings
Lost status Source of classification or shelving scheme Damaged status Not for loan Collection code Permanent Location Current Location Shelving location Date acquired Source of acquisition Cost, normal purchase price Total Checkouts Full call number Date last seen Copy number Koha item type
  Dewey Decimal Classification     Non-fiction Central Library, University of Rajshahi Central Library, University of Rajshahi   11/05/1974 Oxford univ.press 45.00   352.0549 ABL 1973 24/12/2013 C-4 Books
  Dewey Decimal Classification     Non-fiction Central Library, University of Rajshahi Central Library, University of Rajshahi   11/05/1974 Oxford University Press 45.00   352.0549 ABL 1973 04/08/2016 C-3 Books
  Dewey Decimal Classification     Non-fiction Central Library, University of Rajshahi Central Library, University of Rajshahi   11/05/1974 Oxford University Press 45.00   352.0549 ABL 1973 04/08/2016 C-5 Books
  Dewey Decimal Classification     Non-fiction Central Library, University of Rajshahi Central Library, University of Rajshahi   11/05/1974 Oxford University Press 45.00   352.0549 ABL 1973 04/08/2016 C-6 Books
  Dewey Decimal Classification     Non-fiction Central Library, University of Rajshahi Central Library, University of Rajshahi   11/05/1974 Oxford university press 45.00   352.0549 ABL 1973 08/08/2016 C-7 Books
  Dewey Decimal Classification     Non-fiction Central Library, University of Rajshahi Central Library, University of Rajshahi   11/05/1974 Oxford university press 45.00   352.0549 ABL 1973 08/08/2016 C-8 Books
  Dewey Decimal Classification     Non-fiction Central Library, University of Rajshahi Central Library, University of Rajshahi   11/05/1974 Oxford university press 45.00   352.0549 ABL 1973 08/08/2016 C-9 Books
  Dewey Decimal Classification     Non-fiction Central Library, University of Rajshahi Central Library, University of Rajshahi   11/05/1974 Oxford university press 45.00   352.0549 ABL 1973 08/08/2016 C-10 Books
  Dewey Decimal Classification     Non-fiction Central Library, University of Rajshahi Central Library, University of Rajshahi   11/05/1974 Oxford university press 45.00   352.0549 ABL 1973 09/08/2016 C-2 Books
  Dewey Decimal Classification     Non-fiction Central Library, University of Rajshahi Central Library, University of Rajshahi Reading Room 11/05/1974 Oxford university press 45.00   352.0549 ABL 1973 09/08/2016 C-1 Books